000 00961nam a2200265Ia 4500
003 OSt
005 20220923211426.0
006 a|||||r|||| 00| 0
007 ta
008 220922b |||||||| |||| 00| 0 pan d
020 _a9788193776605 (pbk)
_c225
024 _a353,278
037 _b1200, 02/03/2020, H.K. Prakashan
_cTextual
040 _aARTS
_cARTS
_bpan
041 _2pan
_apan
082 _aO153,6x, Q8
100 _aਸਿੰਘ, ਕੁਲਵੰਤ, ਂਚ.
245 0 _aਪੰਜਾਬੀ ਵਾਰਤਕ
_b ਸੰਚਾਰ ਤੇ ਵਿਉਹਾਰ
260 _aਅੰਮ੍ਰਿਤਸਰ
_b ਰਵੀ ਸਾਹਿਤ ਪ੍ਰਕਾFਨ
_c2018
300 _a151ਪ੍ਰ0
_ccm.
650 _a ਪੰਜਾਬੀ ਨਿਬੰਧ
650 _aਪੰਜਾਬੀ ਸਾਹਿਤ
942 _hO153,6x, Q8
_cTEXL
_2CC
999 _c299304
_d299304